|
|
|
|
| LEADER |
01288nam a2200301 a 4500 |
| 001 |
15827785 |
| 008 |
101024s2010 njua 001 0 eng d |
| 010 |
|
|
|a 2009029657
|
| 020 |
|
|
|a 9788120340367
|
| 020 |
|
|
|a 9780136117261
|
| 020 |
|
|
|a 0136117260
|
| 040 |
|
|
|a DLC
|c DLC
|d BD-DhAAL
|
| 082 |
0 |
0 |
|a 005.13/3
|2 22
|
| 100 |
1 |
|
|a Deitel, Paul J.
|
| 245 |
1 |
0 |
|a C++ :
|b how to program /
|c P.J. Deitel, H.M. Deitel.
|
| 250 |
|
|
|a 7th ed.
|
| 260 |
|
|
|a Upper Saddle River, NJ ;
|n ew Delhi :
|b Pearson/Prentice Hall,
|c 2010.
|
| 300 |
|
|
|a xxxv, 1068 p. :
|b col. ill. ;
|c 24 cm. +
|e 1 CD-ROM (4 3/4 in.)
|
| 500 |
|
|
|a H.M. Deitel's name appeared first on t.p. of earlier ed.
|
| 500 |
|
|
|a Includes index.
|
| 541 |
1 |
|
|e 00021402
|
| 650 |
|
0 |
|a C++ (Computer program language)
|
| 700 |
1 |
|
|a Deitel, Harvey M.,
|d 1945-
|
| 700 |
1 |
|
|a Deitel, Harvey M.,
|d 1945-
|t C++.
|
| 852 |
4 |
|
|a Ayesha Abed Library
|j General Shelf.
|
| 999 |
|
|
|c 9873
|d 9873
|
| 952 |
|
|
|0 0
|1 0
|2 ddc
|4 0
|6 005_133000000000000_DEI_2010
|7 0
|9 12694
|a BRACUL
|b BRACUL
|c GEN
|d 2010-10-24
|e TRIM EDUCATION
|g 1040.00
|l 29
|m 223
|o 005.133 DEI
|p 3010021402
|r 2025-10-12
|s 2025-07-13
|t 1
|w 2010-10-24
|y BK
|
| 952 |
|
|
|0 0
|1 0
|2 ddc
|4 0
|6 005_133000000000000_DEI_2010
|7 0
|9 12963
|a BRACUL
|b BRACUL
|c AV
|d 2010-11-01
|l 1
|o 005.133 DEI
|p 4010021402
|r 2017-04-19
|s 2017-04-19
|t 1
|w 2010-11-01
|y AV
|